| 000 | 01261cam a2200385 i 4500 | ||
|---|---|---|---|
| 001 | 71314 | ||
| 003 | TR-AnTOB | ||
| 005 | 20240710165611.0 | ||
| 008 | 080723s1983 tu 00100 mul | ||
| 040 |
_aTR-AnTOB _cTR-AnTOB |
||
| 041 | 0 | _atur | |
| 050 | 1 | 4 |
_aDR479.G7 _bÖ44 1983 |
| 090 |
_aDR479.G7 _bÖ44 1983 |
||
| 100 | 1 |
_aÖke, Kemal, _d1955- _948501 |
|
| 245 | 0 |
_aİngiliz casusu Prof. Arminius Vambery' nin gizli raporlarında II.Abdülhamid ve dönemi / _cMim Kemal Öke. |
|
| 246 | 3 | _aII. Abdülhamid ve dönemi. | |
| 264 | 1 |
_aİstanbul: _bÜçdal Neşriyat, _c1983. |
|
| 300 |
_a173 s.; _c24 cm. |
||
| 336 |
_2rdacontent _atext _btxt |
||
| 337 |
_2rdamedia _aunmediated _bn |
||
| 338 |
_2rdacarrier _avolume _bnc |
||
| 500 | _aİndeks var. | ||
| 504 | _aBibliyografya: s. 164-167. | ||
| 590 |
_aSn. Celil Güngör tarafından _cbağışlanmıştır. |
||
| 600 | 0 |
_aAbdülhamid, _bII, _cTürk Sultanı, _d1842-1918 _945608 |
|
| 600 |
_aVambery, Armin, _d1832-1913 _945610 |
||
| 651 |
_aTürkiye _xDış ilişkiler _zİngiltere _920683 |
||
| 651 |
_aİngiltere _xDış ilişkiler _zTürkiye _920684 |
||
| 651 |
_aTürkiye _xTarih _y1878-1909 _9117093 |
||
| 902 | _a0024606 | ||
| 903 | _aMerkez Kütüphane | ||
| 942 |
_cBK _2lcc |
||
| 945 | _aAY.BS | ||
| 999 |
_c71314 _d19706 |
||